स्वास्थ्य का राजःउत्तम आहार / (Record no. 12848)

MARC details
000 -LEADER
fixed length control field 03191 a2200325 4500
005 - DATE AND TIME OF LATEST TRANSACTION
control field 20081216121235.0
008 - FIXED-LENGTH DATA ELEMENTS--GENERAL INFORMATION
fixed length control field 081216t xxu||||| |||| 00| 0 HIN d
010 ## - LCCN (DPL NO)
LC control number B-291954-962
020 ## - INTERNATIONAL STANDARD BOOK NUMBER
Terms of availability 250.00
International Standard Book Number 8189412337
035 ## - SYSTEM CONTROL NUMBER
System control number B-291954-962
037 ## - SOURCE OF ACQUISITION
Source of stock number/acquisition आविष्कार प्रका.
040 ## - CATALOGING SOURCE
Original cataloging agency DPL
Language of cataloging HN
082 ## - DEWEY DECIMAL CLASSIFICATION NUMBER
Classification number 641.302
100 ## - MAIN ENTRY--PERSONAL NAME
Personal name सेंगर, देवेन्द्र
245 ## - TITLE STATEMENT
Title स्वास्थ्य का राजःउत्तम आहार /
Statement of responsibility, etc देवेन्द्र सेंगर
260 ## - PUBLICATION, DISTRIBUTION, ETC. (IMPRINT)
Place of publication, distribution, etc दिल्ली
Name of publisher, distributor, etc आविष्कार प्रकाशन
Date of publication, distribution, etc 2008
270 ## - ADDRESS
Address एल-20/13 गली नं5, शिवाजी मार्ग, करतार नगर
City दिल्ली
State or province दिल्ली
Postal code 110053
300 ## - PHYSICAL DESCRIPTION
Extent 208पृ
Dimensions 22सेमी (सजिल्द)
942 ## - ADDED ENTRY ELEMENTS (KOHA)
Institution code [OBSOLETE] dpl
Item type Hindi Books
Call number prefix / सेंगर
Source of classification or shelving scheme Dewey Decimal Classification
Classification part 641.302
Holdings
Withdrawn status Lost status Source of classification or shelving scheme Damaged status Not for loan Collection code Home library Current library Date acquired Source of acquisition Cost, normal purchase price Total Checkouts Full call number Barcode Date last seen Copy number Cost, replacement price Koha item type Public note
    Dewey Decimal Classification     Non-fiction Central Library Central Library 16/12/2008 आविष्कार प्रकाशन/82/15.9.08/220/4.9.08/20.9.08 250.00   641.302 B-291954 16/12/2008 1 250.00 Hindi Books  
    Dewey Decimal Classification     Non-fiction Karol Bagh Karol Bagh 16/12/2008 आविष्कार प्रकाशन/82/15.9.08/220/4.9.08/20.9.08 250.00   641.302 B-291961 16/12/2008 1 250.00 Hindi Books  
    Dewey Decimal Classification     Non-fiction Mobile Library Mobile Library 16/12/2008 आविष्कार प्रकाशन/82/15.9.08/220/4.9.08/20.9.08 250.00   641.302 B-291955 16/12/2008 2 250.00 Hindi Books  
Withdrawn   Dewey Decimal Classification     Non-fiction Mobile Library Mobile Library 16/12/2008 आविष्कार प्रकाशन/82/15.9.08/220/4.9.08/20.9.08 250.00   641.302 B-291956 16/12/2008 2 250.00 Hindi Books  
    Dewey Decimal Classification     Non-fiction New Police Line New Police Line 16/12/2008 आविष्कार प्रकाशन/82/15.9.08/220/4.9.08/20.9.08 250.00   641.302 B-291957 16/12/2008 1 250.00 Hindi Books  
    Dewey Decimal Classification     Non-fiction Patel Nagar Patel Nagar 16/12/2008 आविष्कार प्रकाशन/82/15.9.08/220/4.9.08/20.9.08 250.00   641.302 B-291958 08/10/2009 1 250.00 Hindi Books  
    Dewey Decimal Classification     Non-fiction Peshwa Road Peshwa Road 16/12/2008 आविष्कार प्रकाशन/82/15.9.08/220/4.9.08/20.9.08 250.00   641.302 B-291959 16/12/2008 1 250.00 Hindi Books  
    Dewey Decimal Classification     Non-fiction Sarojini Nagar Sarojini Nagar 16/12/2008 आविष्कार प्रकाशन/82/15.9.08/220/4.9.08/20.9.08 250.00   641.302 B-291960 16/12/2008 1 250.00 Hindi Books Withdrawn List Prepared List No.35/17
    Dewey Decimal Classification     Non-fiction Shahdara Branch Shahdara Branch 16/12/2008 आविष्कार प्रकाशन/82/15.9.08/220/4.9.08/20.9.08 250.00   641.302 B-291962 16/12/2008 1 250.00 Hindi Books  

© Delhi Public Library
Hit Counter
free hit counter